000 00503nam a2200181Ia 4500
001 23504
005 20260414150941.0
008 260414t2008||||xx |||||||||||||| ||spa||
041 _aESP
082 _a658.4012
_bH59 2008
100 _aHitt, Michael A.
_eAUT
245 0 _aAdministración estratégica :
_bcompetitividad y globalización conceptos y casos
260 _c2008
300 _axxiv, 428, xv, 343, 24 páginas :
_c27 cm.
650 _aCIS
654 _aCAN
942 _cLIB
_dJUS
_fJUS
_2ddc
_n
999 _c23504
_d23504